| 000 | 00428nam a2200145Ia 4500 | ||
|---|---|---|---|
| 008 | 231129s1996||||xx |||||||||||||| ||spa|| | ||
| 020 | _a970-10-0920-7 | ||
| 040 | _bspa | ||
| 082 | _a659.19 T861n | ||
| 100 | _aTrout Jack | ||
| 245 | 0 | _aEl nuevo posicionamiento: Lo más reciente sobre la estrategia de negocios 1del mundo | |
| 260 | _c1996 | ||
| 264 | _aMcGraw-Hill | ||
| 942 |
_2ddc _cBKS |
||
| 999 |
_c11889 _d11889 |
||